Entorno de las organizaciones /

Uloženo v:
Podrobná bibliografie
Hlavní autor: Hernández López, Mario Humberto (coord.)
Médium: Kniha
Jazyk:španělština
Vydáno: México : UNAM, Facultad de Contaduría y Administración, 2013, c2013
Témata:
Tagy: Přidat tag
Žádné tagy, Buďte první, kdo vytvoří štítek k tomuto záznamu!

MARC

LEADER 00000nam^a2200000^a^4500
001 000338513
005 20250521000000.0
009 20260310114358.581
020 |a 978-607-02-4402-5 
037 |a Acervo ITESO - Biblioteca 
041 |a ESP 
082 |a 306.  |b HER 
100 |a Hernández López, Mario Humberto  |e (coord.) 
245 1 0 |a Entorno de las organizaciones /  |c Coord. de M.H. Hernández López. 
264 4 |a México :  |b UNAM, Facultad de Contaduría y Administración,  |c 2013, c2013 
300 |a 156 p. 
336 |a texto  |b txt  |2 rdacontenido 
337 |a sin mediación  |b n  |2 rdamedio 
338 |a volumen  |b nc  |2 rdasoporte 
649 |a XX 
650 |a Instituciones -  |x Aspectos Sociales y Culturales -  |x Tema Principal 
650 |a Sociedad Postindustrial 
650 |a Organización Social -  |x Tema Principal 
650 |a Modernización 
650 |a Globalización 
650 |a Desarrollo Económico-Social 
650 |a Cambios Sociales y Culturales 
650 |a Sociología 
650 |a Ciencias Sociales 
910 |a Fondo General 
920 |a Impresos - Libros 
930 |a Colección General 
905 |a 101 
901 |a 0500228589  |b IT1  |c ACC  |i C139660  |u 20250521 
902 |a https://opac.biblio.iteso.mx/vufind/Record/000338513